00376 a2200121 4500090001500000100002200015245002300037250001700060260003900077942002100116999001900137952009800156 c1708d1708 aArnold J. Toynbee aA Study of History aVolumes i-vi aNational Book Foundation Islamabad aNBScBKk909 TOY c344223d344223 00104070aCLbCLd2013-08-28l1o909 TOYpNBSD-1145r2017-11-23s2017-08-29w2013-08-28yBK